[Event "CSR-ch"]
[Site "Luhacovice"]
[Date "1971.??.??"]
[Round "1"]
[White "Hort, Vlastimil"]
[Black "Plachetka, Jan"]
[Result "1-0"]
[WhiteElo "2605"]
[BlackElo "2370"]

1.d4 Nf6 2.Nf3 e6 3.c4 b6 4.Nc3 Bb7 5.Bg5 Be7 6.e3 h6 7.Bh4 Ne4 8.Bxe7 Qxe7
9.Qc2 Nxc3 10.Qxc3 d6 11.Bd3 Nd7 12.e4 O-O 13.O-O c5 14.d5 exd5 15.exd5 Qf6
16.Qc2 Rae8 17.Nd2 Ne5 18.Be4 Bc8 19.Rae1 Kh8 20.h3 Bd7 21.Qc3 Qh4 22.f4 Ng6
23.g3 Qf6 24.Qxf6 gxf6 25.Kf2 f5 26.Bd3 a6 27.Kf3 Rxe1 28.Rxe1 Re8 29.Rb1 b5
30.b3 Kg7 31.Nf1 h5 32.Ne3 Kf6 33.cxb5 axb5 34.a4 bxa4 35.bxa4 Bxa4 36.Rb6 Rd8
37.Nxf5 c4 38.Be4 Bd1+ 39.Ke3 Ne7 40.Rxd6+ Rxd6 41.Nxd6  1-0

[Event "Mar del Plata"]
[Site "Mar del Plata"]
[Date "1971.??.??"]
[Round "12"]
[White "Gheorghiu, Florin"]
[Black "Mecking, Henrique"]
[Result "1/2-1/2"]
[WhiteElo "2530"]
[BlackElo "2540"]

1.d4 Nf6 2.c4 e6 3.Nf3 b6 4.Nc3 Bb7 5.a3 d5 6.cxd5 exd5 7.b4 Be7 8.e3 O-O
9.Be2 Nbd7 10.Qb3 c6 11.O-O Bd6 12.a4 a5 13.Ba3 axb4 14.Bxb4 Qc7 15.Rfb1 Ba6
16.Bxa6 Rxa6 17.Bxd6 Qxd6 18.Qb4 Qxb4 19.Rxb4 Rfa8 20.h3  1/2-1/2

[Event "IBM-B"]
[Site "Amsterdam"]
[Date "1972.??.??"]
[Round "6"]
[White "Van Baarle, C John"]
[Black "Hecht, Hans Joachim"]
[Result "1/2-1/2"]
[WhiteElo "2350"]
[BlackElo "2470"]

1.d4 Nf6 2.c4 e6 3.Nf3 b6 4.Nc3 Bb4 5.e3 Bb7 6.Bd3 Ne4 7.Qc2 f5 8.O-O Bxc3
9.bxc3 O-O 10.Ne1 Nc6 11.Rb1 Ba6 12.f3 Nd6 13.c5 Bxd3 14.Nxd3 Nc4 15.Qa4 N4a5
16.c4 Ne7 17.Bb2 Qe8 18.Bc3 Nac6 19.Qc2 d6 20.cxd6 cxd6 21.Nf4 Ng6 22.Nxg6 Qxg6
23.Qd3 Rac8 24.Rfd1 Rfd8 25.Rb5 d5 26.c5 bxc5 27.Rxc5 Qf7 28.Rc1 Qd7 29.Be1 Ne7
30.Bg3 Rxc5 31.dxc5 Qc6 32.Qd4 Ng6 33.h4 h5 34.Rc3 Re8 35.f4 Nf8 36.Qd1 g6
37.Qd4 Nd7 38.Rc1 Kf7 39.Be1 e5 40.fxe5 Nxe5 41.Bc3 Re6 42.Rb1 Nd7 43.Qg7+ Ke8
44.Qg8+ Ke7 45.Qg7+ Ke8 46.Qg8+ Ke7 47.Ba5 Kf6 48.Bc3+ Ke7  1/2-1/2

[Event "Rubinstein mem"]
[Site "Polanica Zdroj"]
[Date "1972.??.??"]
[Round "4"]
[White "Pytel, Krzysztof"]
[Black "Sznapik, Aleksander"]
[Result "0-1"]
[WhiteElo "2380"]
[BlackElo "2365"]

1.Nf3 Nf6 2.c4 b6 3.d4 e6 4.Nc3 Bb7 5.a3 d5 6.Bg5 Be7 7.e3 O-O 8.Bxf6 Bxf6
9.cxd5 exd5 10.Be2 c5 11.O-O Nc6 12.dxc5 Bxc3 13.bxc3 bxc5 14.Qb1 Rb8 15.Qf5 Bc8
16.Qf4 Be6 17.Rfd1 Rb2 18.Bd3 Qb8 19.Qa4 Ne5 20.Nxe5 Qxe5 21.Qh4 g6 22.c4 dxc4
23.Bxc4 g5  0-1

[Event "Skopje ol (Men) fin-D"]
[Site "Skopje"]
[Date "1972.??.??"]
[Round "2"]
[White "Galeb, Antoine"]
[Black "Schammo, J."]
[Result "1/2-1/2"]
[WhiteElo "2200"]
[BlackElo "2200"]

1.d4 Nf6 2.Nf3 e6 3.c4 b6 4.Nc3 Bb7 5.e3 d5 6.Bd3 Be7 7.O-O Nbd7 8.Qe2 Ne4
9.Nd2 f5 10.f3 Nxc3 11.bxc3 O-O 12.f4 c6 13.Nf3 Nf6 14.Bb2 Ne4 15.Ne5 Bd6
16.cxd5 cxd5 17.c4 Rf6 18.Rac1 Rh6 19.Bxe4  1/2-1/2

[Event "Skopje ol (Men) fin-B"]
[Site "Skopje"]
[Date "1972.??.??"]
[Round "13"]
[White "Kraidman, Yair"]
[Black "Thorsteinsson, Thorsteinn"]
[Result "1-0"]
[WhiteElo "2455"]
[BlackElo "2415"]

1.d4 Nf6 2.c4 e6 3.Nf3 b6 4.Nc3 Bb7 5.g3 Be7 6.Bg2 O-O 7.O-O Ne4 8.Qc2 Nxc3
9.Qxc3 d6 10.b3 c5 11.Bb2 Bf6 12.Rad1 Qc8 13.Qc2 Nd7 14.Rd2 cxd4 15.Nxd4 Bxg2
16.Kxg2 Rd8 17.Rfd1 Nc5 18.e4 a6 19.f3 Qc7 20.Ba3 Rac8 21.Ne2 Nb7 22.Qd3 Nc5
23.Qe3 h6 24.Nf4 g6 25.Nd3 Kg7 26.Nf2 Kh7 27.Ng4 Bg7 28.Bb2 e5 29.Qf2 Ne6
30.Ne3 Qc5 31.Rd5 Qc6 32.Nc2 Bf8 33.f4 exf4 34.gxf4 Bg7 35.Bxg7 Kxg7 36.f5 Ng5
37.Qf4 Kg8 38.h4 Nh7 39.fxg6 fxg6 40.R1d3 Qe8 41.Rg3 Nf8 42.Ne3 Ne6 43.Qf6 Nf8
44.Qf4 Rc7 45.Ng4 Qe6 46.Nxh6+ Kh7 47.h5 Re7 48.Ng4 Rf7 49.hxg6+ Qxg6 50.Rf5 Rxf5
51.exf5 Qg7  1-0

[Event "DSV-Turnier"]
[Site "Leipzig"]
[Date "1973.??.??"]
[Round "4"]
[White "Malich, Burkhard"]
[Black "Knaak, Rainer"]
[Result "1-0"]
[WhiteElo "2495"]
[BlackElo "2475"]

1.d4 Nf6 2.c4 e6 3.Nf3 b6 4.Nc3 Bb7 5.a3 Be7 6.d5 exd5 7.cxd5 O-O 8.e4 Re8
9.Bd3 c6 10.O-O cxd5 11.exd5 d6 12.Nd4 Nbd7 13.Nc6 Bxc6 14.dxc6 Ne5 15.Ba6 Rb8
16.Bb7 a6 17.Bg5 Nfg4 18.Bf4 d5 19.Nxd5 Bd6 20.Rc1 Nf6 21.c7  1-0

[Event "DSV-Turnier"]
[Site "Leipzig"]
[Date "1973.??.??"]
[Round "7"]
[White "Liebert, Heinz"]
[Black "Vogt, Lothar"]
[Result "1/2-1/2"]
[WhiteElo "2485"]
[BlackElo "2440"]

1.d4 Nf6 2.Nf3 e6 3.c4 b6 4.Nc3 Bb7 5.e3 Bb4 6.Bd3 O-O 7.O-O Bxc3 8.bxc3 d6
9.Nd2 e5 10.e4 c5 11.d5 Nbd7 12.Qe2 Re8 13.Re1 Nf8 14.Nf1 Ng6 15.g3 Bc8 16.Ne3 Bd7
17.Bd2 Ba4  1/2-1/2

[Event "CSR-ch"]
[Site "Luhacovice"]
[Date "1973.??.??"]
[Round "6"]
[White "Malich, Burkhard"]
[Black "Hort, Vlastimil"]
[Result "1/2-1/2"]
[WhiteElo "2490"]
[BlackElo "2600"]

1.d4 Nf6 2.c4 e6 3.Nf3 b6 4.Nc3 Bb7 5.a3 d5 6.cxd5 Nxd5 7.e3 Be7 8.Bb5+ c6
9.Bd3 c5 10.Nxd5 exd5 11.b3 Nc6 12.Bb2 O-O 13.O-O Rc8 14.dxc5 bxc5 15.Qc2 h6
16.Bh7+ Kh8 17.Bf5 Rc7 18.Rfd1 Bd6 19.Qc3 f6 20.Qd2 Ne7 21.Be6 d4 22.Bg4 Bd5
23.exd4 c4 24.bxc4 Rxc4 25.Rac1 Rxc1 26.Bxc1 Qb8 27.h3 Qb3  1/2-1/2

[Event "ARG-ch"]
[Site "Buenos Aires"]
[Date "1975.??.??"]
[Round "12"]
[White "Casas, Ernesto"]
[Black "Rubinetti, Jorge A"]
[Result "1/2-1/2"]
[WhiteElo "2360"]
[BlackElo "2440"]

1.d4 Nf6 2.Nf3 e6 3.c4 b6 4.Nc3 Bb7 5.e3 Bb4 6.Bd2 O-O 7.Bd3 c5 8.O-O cxd4
9.exd4 d5 10.cxd5 Bxc3 11.bxc3 Qxd5 12.c4 Qc6 13.Re1 Nbd7 14.a4 Rfe8 15.Bf4 Rad8
16.Qc2 h6 17.h3 Rc8 18.Rac1 Ba6 19.Qe2 Qa8 20.Ne5 Bb7 21.Nxd7 Nxd7 22.Bxh6 gxh6
23.Qh5 Kg7 24.Qg4+ Kf8 25.Qh4 Qb8 26.Qxh6+ Ke7 27.d5 e5 28.Bf5 Qd6 29.Qg5+ f6
30.Qg7+ Kd8 31.f4 Re7 32.Qg4 Kc7 33.h4 Rh8 34.Bxd7 Rxd7 35.fxe5 fxe5 36.Qe4 Re7
37.Kh2 Rf8 38.g3 Rf2+ 39.Kg1 Qc5 40.Qe3 Qxe3 41.Rxe3 Ra2 42.g4 Rd2 43.h5 Rd4
44.Rg3 Rh7 45.g5 Rxh5 46.g6 Rh8 47.g7 Rg8 48.Rg6 Bc8 49.Rf1 Rf4 50.Rxf4 exf4
51.Kf2 Bf5 52.Rf6 Bd7 53.Rf7 a5 54.Kf3 Kd6 55.Kxf4 Bxa4 56.Kf5 Bb3 57.Rf6+ Kc5
58.Rc6+ Kd4 59.Kf6 Bxc4 60.d6 Kd5 61.Rxc4 Kxd6 62.Kf7 Rxg7+ 63.Kxg7 b5 64.Rc8 a4
65.Ra8 Kc5 66.Kf6 Kb4 67.Ke5 Kb3 68.Kd4 a3 69.Kc5  1/2-1/2

[Event "HUN-ch"]
[Site "?"]
[Date "1975.??.??"]
[Round "?"]
[White "Petran, Pal"]
[Black "Portisch, Lajos"]
[Result "0-1"]
[WhiteElo "2390"]
[BlackElo "2635"]

1.d4 Nf6 2.c4 e6 3.Nf3 b6 4.Nc3 Bb7 5.Bg5 h6 6.Bh4 g5 7.Bg3 Nh5 8.e3 Nxg3
9.hxg3 Bg7 10.g4 Nc6 11.Bd3 Qe7 12.a3 O-O-O 13.Qa4 Kb8 14.O-O-O d5 15.cxd5 exd5
16.Kb1 Na5 17.Rhe1 Rhe8 18.e4 dxe4 19.Bxe4 Qd7 20.Qxd7 Rxd7 21.Bxb7 Rxe1
22.Rxe1 Kxb7 23.Re4 Nb3 24.Ne2 c5 25.Kc2 c4 26.Ne5 Bxe5 27.dxe5 b5 28.e6 Rd2+
29.Kc3 Rd3+ 30.Kc2 fxe6 31.Rxe6 Kc7 32.Re4 Kd7 33.f3 a6 34.Re5 Rd2+ 35.Kc3 Rd1
36.Kc2 Re1 37.Re4 a5 38.Re5 Kd6 39.Re8 Kd7 40.Re5 Kd6 41.Re8 b4 42.axb4 axb4
43.Re4 Na5 44.Re8 Nc6 45.Kd2 c3+  0-1

[Event "Lone Pine"]
[Site "Lone Pine"]
[Date "1975.??.??"]
[Round "2"]
[White "Panno, Oscar"]
[Black "Robatsch, Karl"]
[Result "1/2-1/2"]
[WhiteElo "2545"]
[BlackElo "2455"]

1.Nf3 Nf6 2.c4 e6 3.Nc3 b6 4.d4 Bb7 5.a3 d5 6.cxd5 Nxd5 7.e3 c5 8.Bb5+ Bc6
9.Bd3 cxd4 10.exd4 Bd6 11.Ne4 Nf6 12.Qc2 Nxe4 13.Bxe4 Qc7 14.O-O Qb7 15.Re1 Bxe4
16.Rxe4 Nd7 17.Rg4 g6 18.Bh6 Nf6 19.Rh4 Bf8 20.Qd2 Bxh6 21.Qxh6 Qe7 22.Rd1 Nd5
23.Ng5 Kd7 24.Re1 Qf8 25.Qxf8 Raxf8 26.Kf1 h6 27.Nf3 Rc8 28.Ne5+ Ke7 29.Rhe4 Rc2
30.R4e2 Rhc8 31.g3 g5 32.Rd1 h5 33.Ke1 f6 34.Nf3 Kd6 35.Nd2 h4 36.Ne4+ Ke7
37.Red2 hxg3 38.hxg3 g4 39.Nc3 Rxd2 40.Nxd5+ exd5 41.Kxd2 Ke6 42.Rh1 Rc7
43.Kd3 Kf5 44.Rh5+ Ke6 45.Rh4 Kf5  1/2-1/2

[Event "FRG-ch International"]
[Site "Mannheim"]
[Date "1975.??.??"]
[Round "6"]
[White "Reichenbach, Werner"]
[Black "Gerusel, Mathias"]
[Result "0-1"]
[WhiteElo "2200"]
[BlackElo "2440"]

1.d4 Nf6 2.c4 e6 3.Nf3 b6 4.Nc3 Bb7 5.e3 d5 6.Bd3 Nbd7 7.O-O Bd6 8.b3 O-O
9.cxd5 exd5 10.Bb2 a6 11.Nh4 Re8 12.Nf5 Bf8 13.Rc1 g6 14.Ng3 Bd6 15.Re1 Ne4
16.Rc2 Nxg3 17.hxg3 Nf6 18.Ne2 Kg7 19.Nf4 Ne4 20.Qc1 Qe7 21.Be2 h5 22.Bf3 a5
23.Nd3 h4 24.g4 Ng5 25.Bd1 h3 26.f3 Bg3 27.Nf2 Rh8 28.Ba3 Qf6 29.f4 Bxf2+
30.Rxf2 Ne4 31.Rf3 hxg2  0-1

[Event "FRG-ch International"]
[Site "Mannheim"]
[Date "1975.??.??"]
[Round "14"]
[White "Pachman, Ludek"]
[Black "Lombard, Andre"]
[Result "1-0"]
[WhiteElo "2510"]
[BlackElo "2420"]

1.c4 Nf6 2.Nc3 e6 3.Nf3 b6 4.d4 Bb4 5.Bg5 h6 6.Bh4 g5 7.Bg3 Ne4 8.Qc2 f5
9.e3 Bxc3+ 10.bxc3 d6 11.Bd3 Bb7 12.d5 exd5 13.cxd5 Bxd5 14.Nd4 Qf6 15.f3 Nxg3
16.hxg3 Nd7 17.Bxf5 Nc5 18.Kf2 Kf7 19.c4 Be6 20.Rh5 Bxf5 21.Qxf5 Qxf5 22.Nxf5 Kg6
23.g4 Nd3+ 24.Ke2 Ne5 25.Rah1 Nf7 26.g3 a6 27.Ne7+ Kg7 28.f4 b5 29.Kd3 b4
30.Kc2 a5 31.Nf5+ Kg6 32.Kb3 gxf4 33.gxf4 Rae8 34.Ka4 Re4 35.Nh4+ Kf6 36.g5+ hxg5
37.fxg5+ Kg7 38.Rxh8 Nxh8 39.Kxa5 Rxc4 40.Nf5+ Kg8 41.Ne7+ Kg7 42.g6 Rg4
43.Rh7+ Kf8 44.g7+ Rxg7 45.Rxg7 Kxg7 46.Kxb4 Kf8 47.Nd5 c6 48.Nf6 Ke7 49.a4 Kd8
50.a5 Kc8 51.a6 Nf7 52.Nd7 Nd8 53.Ka5 Ne6 54.Nf6 d5 55.Kb6 Nc7 56.a7 c5 57.Ne8 Na8+
58.Ka6 c4 59.Nd6+ Kd8 60.Nb5 Kc8 61.Nc3  1-0

[Event "URS-chT"]
[Site "Riga"]
[Date "1975.??.??"]
[Round "?"]
[White "Kholmov, Ratmir D"]
[Black "Ilinsky, Vladimir"]
[Result "1-0"]
[WhiteElo "2540"]
[BlackElo "2200"]

1.Nf3 Nf6 2.d4 b6 3.c4 e6 4.Nc3 Bb7 5.a3 d5 6.Bg5 Be7 7.e3 h6 8.Bh4 O-O 9.Rc1 Ne4
10.Bxe7 Qxe7 11.Bd3 Nxc3 12.Rxc3 dxc4 13.Rxc4 Rc8 14.O-O Nd7 15.Qe2 c5 16.Rfc1 cxd4
17.Nxd4 Nc5 18.b4 Nxd3 19.Rxc8+ Rxc8 20.Rxc8+ Bxc8 21.Qxd3 Qc7 22.f3 e5 23.Ne2 Be6
24.Kf2 Qc6 25.Nc3 Qd7 26.Qxd7 Bxd7 27.Ke2 Kf8 28.Kd3 Ke7 29.Kc4 Kd6 30.Nb5+ Bxb5+
31.Kxb5 Kc7 32.Ka6 Kb8 33.f4 exf4 34.exf4 Ka8 35.a4 Kb8 36.g4 Ka8 37.h4 f6
38.f5 Kb8 39.a5 bxa5 40.bxa5 Ka8 41.Kb5 Kb7 42.a6+ Kc7 43.Kc5 Kd7 44.Kd5 Ke7
45.Kc6  1-0

[Event "Szolnok"]
[Site "Szolnok"]
[Date "1975.??.??"]
[Round "14"]
[White "Rajna, George"]
[Black "Liebert, Heinz"]
[Result "1/2-1/2"]
[WhiteElo "2405"]
[BlackElo "2450"]

1.d4 Nf6 2.Nf3 e6 3.c4 b6 4.Nc3 Bb7 5.Bg5 h6 6.Bh4 Be7 7.Qc2 c5 8.e4 cxd4
9.Nxd4 Nc6 10.Nxc6 Bxc6 11.Rd1 Qc7 12.Be2 Qf4 13.Bxf6 Bxf6 14.Bf3 Rc8 15.Ne2 Qb8
16.Nd4 O-O 17.O-O Ba8 18.Qb3 Qc7 19.Be2 Bxd4 20.Rxd4 e5 21.Rd2 Bxe4 22.Rfd1 Bf5
23.Qg3 Be6 24.b3 Qc5 25.h3 f5 26.Bh5 Rf6 27.Rxd7 Bxd7 28.Rxd7 Qf8 29.Qxe5 a5
30.Bf3 Kh8 31.Bd5 Re8 32.Qc7 Rc8 33.Qe5 Re8 34.Qc7 Rc8  1/2-1/2

[Event "Capablanca mem-B 13th"]
[Site "Cienfuegos"]
[Date "1976.05.29"]
[Round "13"]
[White "Pesantes Carbajal, Carlos"]
[Black "Garcia, Gilberto"]
[Result "0-1"]
[WhiteElo "2325"]
[BlackElo "2265"]

1.Nf3 Nf6 2.c4 e6 3.d4 b6 4.Nc3 Bb7 5.Bg5 Be7 6.e3 h6 7.Bh4 g5 8.Bg3 Nh5
9.Ne5 Ng7 10.e4 d6 11.Nd3 Nc6 12.d5 Nd4 13.Nb4 e5 14.f3 f5 15.Bf2 fxe4 16.Bxd4 exd4
17.Qxd4 Bf6 18.Qxe4+ Kf7 19.O-O-O a5 20.Nc2 Bxc3 21.bxc3 Qf6 22.Nd4 Rae8
23.Qc2 Bc8 24.Bd3 Re5 25.g3 Bd7 26.h4 Ke8 27.hxg5 Rxg5 28.Rde1+ Kd8 29.g4 Re5
30.Rxe5 dxe5 31.Nf5 Nxf5 32.Bxf5 Bxf5 33.Qxf5 Qxf5 34.gxf5 h5 35.Kd2 h4 36.Ke3 Ke7
37.Ke4 Kf6 38.Rh3 Rh7 39.f4 exf4 40.Kxf4 Rh5 41.Kg4 Rxf5 42.Rxh4 Ke5 43.Kg3 Rf6
44.Rh7 Kd6 45.Kg4 Rf2 46.Rh6+ Kd7 47.c5 bxc5 48.Rc6 Rxa2 49.Rxc5 Kd6 50.Rb5 Ra3
51.Kf4 a4 52.c4 Rb3 53.Ra5 Rb4 54.Ra6+ Kd7 55.Ke5 Rxc4 56.Ra8 Rh4 57.Ra6 Kc8
58.d6 Kd7 59.dxc7 Kxc7 60.Kd5 Kb7 61.Rg6 a3 62.Kc5 a2 63.Rg7+ Ka6 64.Rg8 Rh7
65.Rb8 Ka5 66.Kc4 Ka4 67.Rg8 Rc7+ 68.Kd3 Ra7  0-1

[Event "Hastings7677"]
[Site "Hastings"]
[Date "1976.??.??"]
[Round "8"]
[White "Kraidman, Yair"]
[Black "Rumens, David E"]
[Result "1-0"]
[WhiteElo "2445"]
[BlackElo "2310"]

1.d4 Nf6 2.c4 e6 3.Nf3 b6 4.Nc3 Bb7 5.e3 d5 6.Bd3 Be7 7.O-O O-O 8.b3 c5 9.cxd5 exd5
10.Bb2 Nbd7 11.Rc1 Re8 12.Qe2 Bd6 13.Ba6 Bc6 14.Rfd1 Qe7 15.Nb5 Bb8 16.dxc5 bxc5
17.b4 c4 18.Nbd4 Ba4 19.Bb7 Bc7 20.Nc2 Rad8 21.Bxd5 Nxd5 22.Rxd5 Nb6 23.Rxd8 Rxd8
24.Bd4 Bxc2 25.Qxc2 Qxb4 26.Ng5 g6 27.Ne4 h5 28.g3 Rc8 29.Bc5 Qa5 30.Bxb6 Bxb6
31.Nd6 Rc6 32.Nxc4 Qd5 33.Qe2 h4 34.e4 Qg5 35.Rf1 Qb5 36.Rc1 hxg3 37.hxg3 Qg5
38.Rc2 Qxg3+ 39.Kf1 Qh3+ 40.Ke1 Qh1+ 41.Kd2 Qa1 42.a3 Ba5+ 43.Ke3 Rf6 44.Qd3 Bc7
45.Ke2 Qh1 46.Qd4 Qf3+ 47.Ke1 Qh1+ 48.Ke2 Qh5+ 49.Kd2 Qg5+ 50.Kc3 Ba5+ 51.Kb2 Bc7
52.Ka2 a6 53.Qd7 Bf4 54.e5 Bxe5 55.Qe8+ Kh7 56.Qxe5 Rf5  1-0

[Event "URS-ch otbor"]
[Site "Rostov"]
[Date "1976.??.??"]
[Round "?"]
[White "Karasev, Vladimir I"]
[Black "Makarichev, Sergey"]
[Result "1-0"]
[WhiteElo "2495"]
[BlackElo "2495"]

1.d4 e6 2.Nf3 Nf6 3.c4 b6 4.Nc3 Bb7 5.Bg5 Be7 6.Qc2 h6 7.Bh4 d5 8.cxd5 exd5
9.Bxf6 Bxf6 10.e3 O-O 11.Be2 Qe7 12.Qb3 Qe6 13.Rc1 Rc8 14.O-O Nd7 15.Rfd1 c6
16.e4 dxe4 17.Qxe6 fxe6 18.Nxe4 Be7 19.Bc4 Nf8 20.Re1 c5 21.dxc5 Bxc5 22.Nxc5 Rxc5
23.b4 Rc7 24.Bb3 Rac8 25.Rxc7 Rxc7 26.Nd4 Bd5 27.Bxd5 exd5 28.b5 Kf7 29.Nc6 a6
30.Rc1 Ke8 31.bxa6 Rc8 32.a7 Ra8 33.Rb1 Kd7 34.Rxb6 Kc7 35.Ra6 Nd7 36.Nd4 Nb6
37.Ne6+ Kc6 38.f4 g6 39.a4  1-0

[Event "URS-FL"]
[Site "Baku"]
[Date "1977.??.??"]
[Round "10"]
[White "Grigorian, Karen Ashotovich"]
[Black "Gulko, Boris F"]
[Result "0-1"]
[WhiteElo "2465"]
[BlackElo "2585"]

1.c4 Nf6 2.Nc3 e6 3.Nf3 b6 4.d4 Bb7 5.Bg5 Be7 6.Qc2 d5 7.Bxf6 Bxf6 8.cxd5 exd5
9.Rd1 O-O 10.g3 Qe7 11.Bg2 Rd8 12.O-O c5 13.Qf5 Qe6 14.Qf4 Nd7 15.Qc7 Qc6
16.Qxc6 Bxc6 17.e3 Rac8 18.Ne1 cxd4 19.exd4 Nf8 20.Nc2 Ba4 21.Nxa4 Rxc2 22.Rc1 Rxc1
23.Rxc1 Bxd4 24.Rc7 b5 25.Nc5 Ne6 26.Nxe6 fxe6 27.Kf1 Rd6 28.f4 Kf8 29.Rc2 Ke7
30.Ke2 Ra6 31.a3 Bf6 32.f5 exf5 33.Bxd5 Ra4 34.Bc6 Rc4 35.Kd3 Bxb2 36.Rxb2 Rxc6
37.Rxb5 Rh6 38.Rxf5 Rxh2 39.Ke3 Rh6 40.Ra5 a6 41.Rc5 Rg6 42.Kf4 Kd6 43.Ra5 Kc7
44.Rh5 h6 45.Re5 Kb6 46.a4 Rd6 47.Ke3 Rd1 48.Rf5 Re1+ 49.Kf2 Re4 50.a5+ Kc6
51.Kf3 Re6 52.Kf4 g6 53.Rf7 Kb5 54.Rh7 h5 55.Rb7+ Kxa5 56.Rb1 Ka4 57.Ra1+ Kb4
58.Rb1+ Kc3 59.Ra1 Kb2 60.Ra5 Rb6 61.Ra4 Kb3 62.Ra1 Kb4 63.Rb1+ Kc5 64.Rc1+ Kb5
65.Rb1+ Kc6 66.Rc1+ Kb7  0-1

[Event "HUN-ch"]
[Site "Budapest"]
[Date "1977.??.??"]
[Round "?"]
[White "Lukacs, Peter"]
[Black "Rigo, Janos"]
[Result "0-1"]
[WhiteElo "2450"]
[BlackElo "2200"]

1.d4 Nf6 2.c4 e6 3.Nf3 b6 4.Nc3 Bb7 5.a3 Be7 6.d5 O-O 7.e4 exd5 8.cxd5 Re8
9.Bd3 c6 10.O-O cxd5 11.exd5 h6 12.Bc4 Ba6 13.Bxa6 Nxa6 14.b4 Bd6 15.Bb2 Nc7
16.Qd4 Qb8 17.h4 Qb7 18.Rad1 b5 19.g4 Re7 20.g5 hxg5 21.hxg5 Nh5 22.Ne4 Qa6
23.Kg2 Rae8 24.Nxd6 Qxd6 25.Rh1 Re4 26.Qc3 Rc4 27.Rxh5 Rxc3 28.Rdh1 f5 29.Bxc3 Nxd5
30.Rh8+ Kf7 31.Rxe8 Kxe8 32.Bxg7 Nf4+ 33.Kh2 Ng6+ 34.Kg2 Qf4 35.Rh3 Qc1 36.Rh6 Nf4+
37.Kg3 Ne6 38.Bf6 Qf4+ 39.Kg2 Qg4+ 40.Kh2 Qxf3 41.Rh8+ Nf8 42.g6 Qxf2+ 43.Kh1 Qf3+
44.Kh2 Qe2+  0-1

[Event "HUN-ch"]
[Site "Budapest"]
[Date "1977.??.??"]
[Round "?"]
[White "Lukacs, Peter"]
[Black "Tompa, Janos"]
[Result "1/2-1/2"]
[WhiteElo "2450"]
[BlackElo "2410"]

1.d4 Nf6 2.c4 e6 3.Nf3 b6 4.Nc3 Bb7 5.a3 Be7 6.d5 exd5 7.cxd5 O-O 8.g3 Re8
9.Bg2 c5 10.O-O d6 11.Re1 b5 12.Nxb5 Bxd5 13.Bg5 Nbd7 14.Nc3 Bc6 15.b4 Rb8
16.bxc5 Nxc5 17.Nd4 Bxg2 18.Kxg2 Qa5 19.Rc1 Nb3 20.Bxf6 Nxc1 21.Nc6 Bxf6
22.Nxa5 Bxc3 23.Qxc1 Bxa5 24.Rd1 Rxe2 25.Rxd6 Bb6 26.Rd2 Rxd2 27.Qxd2 Rd8
28.Qe2 g6 29.h4 h5 30.f3 Rd5 31.g4 Ra5 32.a4 Kg7 33.Qc4 Rc5 34.Qe4 Kg8 35.Kf1 Kg7
36.Ke2 Kg8 37.Kd3 Kg7 38.Qe8 Bc7 39.Qd7 Bb6 40.Qd4+ Kg8 41.Qf6 Ra5  1/2-1/2

[Event "Tungsram"]
[Site "Budapest"]
[Date "1977.??.??"]
[Round "?"]
[White "Blackstock, Lesly SF"]
[Black "Bronstein, David I"]
[Result "0-1"]
[WhiteElo "2410"]
[BlackElo "2560"]

1.Nf3 Nf6 2.d4 e6 3.c4 b6 4.Nc3 Bb7 5.a3 d5 6.cxd5 exd5 7.Bg5 Be7 8.e3 O-O
9.Bd3 c5 10.O-O Ne4 11.Bxe7 Qxe7 12.Qe2 Nd7 13.Rfd1 Rad8 14.Rac1 Nxc3 15.Rxc3 c4
16.Bf5 Nf6 17.Nd2 b5 18.b4 Ne8 19.Nf1 Nd6 20.Bc2 a5 21.Rb1 axb4 22.Rxb4 Bc6
23.Qd1 Ra8 24.Qb1 h6 25.Ng3 Ra5 26.Nf5 Nxf5 27.Bxf5 Rfa8 28.Qb2 Qa7 29.Kf1 Rxa3
30.Rxa3 Qxa3 31.Qxa3 Rxa3 32.Ke2 Ra2+ 33.Ke1 Ra4 34.Rxa4 bxa4 35.Kd2 a3 36.Kc3 Ba4  0-1

[Event "Tungsram"]
[Site "Budapest"]
[Date "1977.??.??"]
[Round "?"]
[White "Filip, Miroslav"]
[Black "Spassov, Liuben"]
[Result "1-0"]
[WhiteElo "2500"]
[BlackElo "2480"]

1.c4 Nf6 2.Nc3 e6 3.Nf3 b6 4.d4 Bb7 5.a3 d5 6.cxd5 Nxd5 7.e3 Be7 8.Bb5+ c6
9.Bd3 O-O 10.O-O c5 11.Qe2 Nc6 12.Rd1 Nxc3 13.bxc3 Qc7 14.Bb2 Rac8 15.Rac1 Bf6
16.Nd2 cxd4 17.cxd4 Rfd8 18.Ne4 Be7 19.Qh5 h6 20.Bb1 Rd5 21.Qe2 Qd8 22.Ba2 Rd7
23.Ng3 Na5 24.Rxc8 Bxc8 25.Nh5 Bf8 26.Nf4 Bb7 27.Qd3 Qg5 28.d5 e5 29.Ne2 Nc6
30.Bb1 g6 31.f4 Qe7 32.f5 gxf5 33.Qxf5 Bg7 34.Ng3 Na5 35.d6 Qe6 36.Qh7+ Kf8
37.Nf5 f6 38.Nh4 Rxd6 39.Rxd6 Qxd6 40.Qxg7+ Ke8 41.Qg6+  1-0

[Event "DSV-Turnier"]
[Site "Leipzig"]
[Date "1977.??.??"]
[Round "2"]
[White "Fischer, Joan"]
[Black "Adamski, Jan"]
[Result "0-1"]
[WhiteElo "2420"]
[BlackElo "2470"]

1.d4 Nf6 2.c4 e6 3.Nf3 b6 4.Nc3 Bb7 5.Bg5 h6 6.Bh4 g5 7.Bg3 Nh5 8.e4 Nxg3
9.hxg3 Bg7 10.g4 d6 11.Bd3 c5 12.d5 Nd7 13.Qa4 a6 14.dxe6 fxe6 15.e5 Bxf3
16.Bg6+ Kf8 17.gxf3 Bxe5 18.Be4 Bxc3+ 19.bxc3 Ra7 20.O-O-O Ne5 21.Rd2 Qd7
22.Qb3 b5 23.cxb5 axb5 24.Rhd1 Nc4 25.Rd3 Kg7 26.Qc2 Rb8 27.f4 Rb6 28.fxg5 Rba6
29.gxh6+ Kh8 30.R3d2 Qf7 31.Bd3 Nxd2 32.Qxd2 Rxa2 33.Bc2 Ra1+ 34.Bb1 Qf3
35.Qd3 Rxb1+ 36.Kxb1 Qa8 37.Kc1 Ra2 38.Rf1 Qa3+  0-1

[Event "Lone Pine"]
[Site "Lone Pine"]
[Date "1977.??.??"]
[Round "2"]
[White "Balashov, Yuri S"]
[Black "Peters, John A"]
[Result "1/2-1/2"]
[WhiteElo "2565"]
[BlackElo "2370"]

1.d4 Nf6 2.Nf3 e6 3.c4 b6 4.Nc3 Bb7 5.a3 d5 6.cxd5 exd5 7.Bg5 Be7 8.Rc1 O-O
9.e3 Nbd7 10.Bd3 Ne4 11.Bf4 c5 12.O-O Rc8 13.Bb1 cxd4 14.exd4 Bxa3 15.Nxd5 Bxd5
16.bxa3 Nc3 17.Bxh7+ Kh8 18.Qd3 Bc4 19.Qxc3 Bxf1 20.Bc7 Qf6 21.Be4 Ba6 22.Qe3 Qh6
23.Qxh6+ gxh6 24.Bf5 Bb5 25.Ne5 Rfe8 26.f4 Re7 27.d5 Kg8 28.Rc3 f6 29.d6 Rg7
30.Ng4 Kf8 31.Nxf6 Rf7 32.Nh7+ Kg7 33.Bc2 Kh8 34.a4 Ba6 35.g3 Rxh7 36.Bxh7 Kxh7
37.Re3 Rg8 38.Kf2 Nf6 39.h3 h5 40.Re7+ Rg7 41.Bb8 b5  1/2-1/2

[Event "Marshall CC"]
[Site "New York"]
[Date "1977.??.??"]
[Round "?"]
[White "Bisguier, Arthur Bernard"]
[Black "Kaimo, Roberto E"]
[Result "1-0"]
[WhiteElo "2440"]
[BlackElo "2355"]

1.d4 Nf6 2.c4 e6 3.Nf3 b6 4.Nc3 Bb7 5.Bg5 h6 6.Bh4 Be7 7.e3 Ne4 8.Bg3 Bb4
9.Qc2 O-O 10.Bd3 f5 11.O-O Nxg3 12.hxg3 Bxc3 13.Qxc3 d6 14.Rfe1 Nd7 15.Qc2 Qe7
16.d5 Nc5 17.Nd4 Nxd3 18.Qxd3 exd5 19.cxd5 Qe5 20.Nb5 Ba6 21.Qb3 Rf7 22.a4 Bb7
23.Nc3 a6 24.Rad1 Re8 25.Qc4 Qf6 26.Qd4 Qg6 27.Qc4 Rfe7 28.Rd4 Qf7 29.Red1 Re5
30.Kf1 Kh8 31.Ke1 Qd7 32.Kf1 Qf7 33.Kg1 Ra8 34.Rc1 Rc8 35.b4 Qe8 36.Qd3 Qd7
37.b5 a5 38.Ne2 Qf7 39.Rd1 Rce8 40.Qb3 Kg8 41.R1d3 Kf8 42.Nf4 Kg8 43.Qd1 g5
44.Ne2 R8e7 45.Nc3 Kf8 46.Qd2 Rd7 47.g4 Ke8 48.gxf5 Rxf5 49.e4 Rf6 50.Rc4 Re7
51.Nd1 Rf4 52.Nc3 Bc8 53.Qe3 Qg6 54.f3 Rh4 55.Ne2 Qh5 56.Ng3 Qf7 57.Qd4 Qf8
58.Rdc3 Kd8 59.Qxb6 Qg7 60.Qxd6+ Rd7 61.Nf5 Qh8 62.Rxc7 Qxc3 63.Rxc3  1-0

[Event "HUN-ch"]
[Site "Budapest"]
[Date "1978.??.??"]
[Round "?"]
[White "Petran, Pal"]
[Black "Farago, Ivan"]
[Result "1/2-1/2"]
[WhiteElo "2400"]
[BlackElo "2510"]

1.d4 e6 2.Nf3 Nf6 3.c4 b6 4.Nc3 Bb7 5.a3 d5 6.cxd5 exd5 7.Bf4 a6 8.e3 Nbd7
9.Rc1 c5 10.Ne5 c4 11.Be2 b5 12.O-O Be7 13.Bf3 O-O 14.Qc2 Nb6 15.Rcd1 Ne8
16.e4 Nc7 17.Rfe1 Bd6 18.Bg3 f5 19.exf5 a5 20.Ne2 Bc8 21.Bg4 Qf6 22.Nf3 h5
23.Bh3 Ne8 24.Nh4 Bxg3 25.hxg3 g5 26.Ng6 g4 27.Nxf8 Kxf8 28.Nf4 Bxf5 29.Qd2 Ng7
30.Re5 gxh3 31.gxh3 Kg8 32.Rde1 h4 33.g4 Be4 34.f3 Rf8 35.fxe4 Qxf4 36.Qxf4 Rxf4
37.exd5 Rxd4 38.d6 b4 39.Rxa5 b3 40.Ra7 Rxd6 41.a4 c3 42.bxc3 b2 43.Ra6 Re6
44.Rb1 Nc4 45.Ra8+ Kh7 46.a5 Re2 47.a6 Rc2 48.a7 Rc1+ 49.Kh2 Nb6 50.Rxb2 Nxa8
51.Rb8 Nc7 52.Rb7 Rxc3 53.Rxc7 Ra3 54.Kg2 Kg6 55.Rc8 Rxa7 56.Rb8 Ra2+ 57.Kf1 Kg5
58.Rg8 Ra7 59.Rh8 Ne6 60.Rh5+ Kf4 61.Rxh4 Kf3 62.Ke1 Ke3 63.Kd1 Kd3 64.Ke1 Ng5
65.Rh8 Ra1+ 66.Kf2 Ne4+ 67.Kf3 Rf1+ 68.Kg2 Rf2+ 69.Kg1 Ke3 70.Ra8 Rb2 71.Ra3+ Kf4
72.Kf1 Nd2+ 73.Ke1 Nc4 74.Ra8  1/2-1/2

[Event "HUN-ch"]
[Site "Budapest"]
[Date "1978.??.??"]
[Round "?"]
[White "Petran, Pal"]
[Black "Lukacs, Peter"]
[Result "1/2-1/2"]
[WhiteElo "2400"]
[BlackElo "2460"]

1.d4 Nf6 2.c4 e6 3.Nf3 b6 4.Nc3 Bb4 5.e3 Ne4 6.Bd2 Bxc3 7.bxc3 Bb7 8.Bd3 O-O
9.O-O d6 10.Be1 Nd7 11.Nd2 f5 12.f3 Nxd2 13.Qxd2 e5 14.Bg3 Qe7 15.Rae1 Qe6
16.Qc2 e4 17.fxe4 Bxe4 18.Bxe4 Qxe4 19.Qxe4 fxe4 20.Rf4 Rae8 21.Rb1 Rxf4
22.Bxf4 Kf7 23.Kf2 Ke6 24.Ke2 c6 25.a4 d5 26.c5 Rf8 27.Bd6 Rf7 28.h3 h5 29.Ra1 g5
30.a5 b5 31.a6 Rg7 32.Rf1 Rg8 33.Kf2 Nf6 34.Kg3 Nd7 35.Kh2 Nf6 36.Rf2 Nd7
37.Rf1 Nf6 38.Rc1 Nd7 39.Rc2 Nf6 40.Rb2 Nd7 41.Rb1 Nf6 42.Rf1 Nd7 43.g4 hxg4
44.hxg4 Rh8+ 45.Kg3 Rh7 46.Rf5 Rg7 47.Rf2 Rh7 48.Rf1 Rh6 49.Bc7 Rh8  1/2-1/2